| 000 | 00433nam a2200181Ia 4500 | ||
|---|---|---|---|
| 005 | 20250423095039.0 | ||
| 008 | 250422s9999 xx 000 0 und d | ||
| 020 | _a9780713676037 | ||
| 050 | _aR 121 .D53/ | ||
| 245 | 0 | _aDictionary of medical terms | |
| 250 | _a4th ed. | ||
| 260 | _aNew York | ||
| 260 | _bBloomsbury Information | ||
| 260 | _c2015 | ||
| 300 | _a460 p | ||
| 650 | _a Medicine--Dictionaries. | ||
| 942 | _cBK | ||
| 999 |
_c29081 _d29081 |
||